00621nam a22001097a 4500040000800000082002700008100002200035245031600057260002600373300002500399856008700424 cRUA aATM PRA 2009 B197 Or.1 aPRAK, CHANVOITNA. astudy on effect of variety of heigh and diameter of rocket stove on heat energy (ការសិក្សាពីឥទ្ធិពលនៃបំរែបំរូលកម្ពស់ និង អង្កត់ផ្ចិត របស់ចង្រ្កានថ្ម លើថាមពលកំដៅ) aPhnom PenhbRUAc2009 ax, 48p.bill.c29cm. uhttps://drive.google.com/file/d/1y_FaAWBu9u7GHlNgAyXxImA8O4_zrt04/view?usp=sharing